Normal view
MARC view
Entry Personal Name
001 - CONTROL NUMBER
- control field: 72494
003 - CONTROL NUMBER IDENTIFIER
- control field: dpl
005 - DATE AND TIME OF LATEST TRANSACTION
- control field: 20241009114007.0
008 - FIXED-LENGTH DATA ELEMENTS
- fixed length control field: 241009|| aca||aabn | a|a d
040 ## - CATALOGING SOURCE
- Original cataloging agency: dpl
- Transcribing agency: dpl
100 ## - HEADING--PERSONAL NAME
- Personal name: National Council of Educational Research Training
670 ## - SOURCE DATA FOUND
- Source citation: Work cat.: (dpl)206188: National Council of Educational Research Training, India:, 2018
